South Eastern Kenya University

Library Online Public Access Catalogue


Introduction to algorithms / (Record no. 18581)

MARC details
000 -LEADER
fixed length control field 01064cam a2200301 i 4500
001 - CONTROL NUMBER
control field 22158200
003 - CONTROL NUMBER IDENTIFIER
control field OSt
005 - DATE AND TIME OF LATEST TRANSACTION
control field 20250905065105.0
008 - FIXED-LENGTH DATA ELEMENTS--GENERAL INFORMATION
fixed length control field 210730s2022 maua b 001 0 eng
010 ## - LIBRARY OF CONGRESS CONTROL NUMBER
LC control number 2021037260
020 ## - INTERNATIONAL STANDARD BOOK NUMBER
International Standard Book Number 9780262046305
035 ## - SYSTEM CONTROL NUMBER
System control number 22158200
040 ## - CATALOGING SOURCE
Original cataloging agency SEKU
050 00 - LIBRARY OF CONGRESS CALL NUMBER
Classification number QA76.6
Item number .C662 2022
100 1# - MAIN ENTRY--PERSONAL NAME
Personal name Cormen, Thomas H.,
Relator term author.
245 10 - TITLE STATEMENT
Title Introduction to algorithms /
Statement of responsibility, etc. Thomas H. Cormen, Charles E. Leiserson, Ronald L. Rivest, Clifford Stein.
250 ## - EDITION STATEMENT
Edition statement Fourth edition.
264 #1 - PRODUCTION, PUBLICATION, DISTRIBUTION, MANUFACTURE, AND COPYRIGHT NOTICE
Place of production, publication, distribution, manufacture Cambridge, Massachusett :
Name of producer, publisher, distributor, manufacturer The MIT Press,
Date of production, publication, distribution, manufacture, or copyright notice [2022]
300 ## - PHYSICAL DESCRIPTION
Extent xx, 1291 pages :
Other physical details color illustrations ;
Dimensions 24 cm
504 ## - BIBLIOGRAPHY, ETC. NOTE
Bibliography, etc Includes bibliographical references (pages [1225]-1250) and index.
520 ## - SUMMARY, ETC.
Summary, etc. "The leading introductory textbook and reference on algorithms"--
Assigning source Provided by publisher.
650 #0 - SUBJECT ADDED ENTRY--TOPICAL TERM
Topical term or geographic name as entry element Computer programming.
650 #0 - SUBJECT ADDED ENTRY--TOPICAL TERM
Topical term or geographic name as entry element Computer algorithms.
700 1# - ADDED ENTRY--PERSONAL NAME
Personal name Leiserson, Charles Eric,
Relator term author.
700 1# - ADDED ENTRY--PERSONAL NAME
Personal name Rivest, Ronald L.,
Relator term author.
700 1# - ADDED ENTRY--PERSONAL NAME
Personal name Stein, Clifford,
Relator term author.
942 ## - ADDED ENTRY ELEMENTS (KOHA)
Source of classification or shelving scheme Library of Congress Classification
Koha item type General circulation
Holdings
Withdrawn status Lost status Source of classification or shelving scheme Damaged status Not for loan Home library Current library Date acquired Source of acquisition Total Checkouts Full call number Barcode Date last seen Price effective from Koha item type
    Library of Congress Classification     Main Campus Library Main Campus Library 05/09/2025 Purchase   QA76.6 .C66 2022 2025/028719 05/09/2025 05/09/2025 General circulation
Kitui, Kenya.
+254736116989
library@seku.ac.ke